Public Health Nurse

保存先:
書誌詳細
フォーマット: 電子媒体 雑誌
オンライン・アクセス:Available in Education Source.
タグ: タグ追加
タグなし, このレコードへの初めてのタグを付けませんか!

MARC

LEADER 00000nas a22000002 4500
001 ebs68517450e
003 EBZ
006 m d ||||||
007 cr|unu||||||||
008 241105| xx uu p o 0 0||| d
035 |a (EBZ)ebs68517450e 
040 |a EBZ 
042 |a msc 
130 0 |a Public Health Nurse (Online) 
222 1 0 |a Public Health Nurse 
245 0 0 |a Public Health Nurse  |h [electronic resource]. 
773 0 |t Education Source   |d EBSCO 
856 4 0 |3 Abstracts available: Jan 1930-Dec 1931.  |z Available in Education Source.  |u https://researchs.unach.elogim.com/direct.asp?db=eue&jid=D3J2&scope=site 
901 |a Periodical